000 00391nam a2200145Ia 4500
008 230917s9999||||xx |||||||||||||| ||und||
040 _e181775
_aMAIN
041 _aEnglish
082 _a519.2 R18F
100 _aRao, B L S Prakasa
245 0 _aFirst course in probability and statistics
260 _aNew Delhi
_bCambridge University Press
_c2011
300 _avii, 317 p.
942 _cBK
999 _c151206
_d151206